00759nam a2200229Ia 450000500170000000800410001702000180005804000080007605000200008410000250010424500800012925000100020926000320021930000180025133700100026933800140027950000690029350000660036263000590042865000210048770000210050820231102151447.0121028t19892012mx f 000 0 spa d a968-24-3144-1 eRDA aLB1131 T45 200610aTHORNDIKE, Robert L.10aMedicion y evaluacion en psicologia y educacion c/ Robert L., Thorndike  a2a ed aMéxicob : Trillasc,1989 a680 páginas atexto asin medio aEducación mixta Licenciatura en Psicología (P23) 14 005155 aPlan flexible Licenciatura en Psicología (P23) 14 003783 aMeasurement and evaluation in psychology and education10aPRUEBAS MENTALES10aElizabeth, Hagen